Civility, Nonviolent Resistance, and the New Struggle for Social Justice /
In Civility, Nonviolent Resistance, and the New Struggle for Social Justice , Amin Asfari brings together scholarly contributions addressing the causes of injustice in its many forms. Predicated on the idea that violence and injustice are systemic and historical, this collection includes chapters th...
مؤلفون آخرون:
التنسيق: كتاب الكتروني
اللغة: English
منشور في:
Leiden; Boston :
Brill | Rodopi,
2020.
سلاسل:
Value Inquiry Book Series ;
342.
Religious Studies, Theology and Philosophy E-Books Online, Collection 2019, ISBN: 9789004390898.
الموضوعات:
الوصول للمادة أونلاين: Login to view Source
الوسوم: إضافة وسم
رقم الطلب: HT151
| LEADER | 02622nam a22004575i 4500 | ||
|---|---|---|---|
| 001 | BRILL9789004417588 | ||
| 003 | nllekb | ||
| 005 | 20210602103728.0 | ||
| 006 | m d | ||
| 007 | cr un uuuua | ||
| 008 | 191130s2020 ne sb 001 0 eng d | ||
| 020 | |a 9789004417588 |q (electronic book) | ||
| 020 | |z 9789004417571 |q (print) | ||
| 024 | 7 | |a 10.1163/9789004417588 |2 DOI | |
| 035 | |z (OCoLC)1111941616 | ||
| 040 | |a NL-LeKB |c NL-LeKB |e rda | ||
| 050 | 4 | |a HT151 | |
| 072 | 7 | |a HPS |2 bicssc | |
| 072 | 7 | |a PHI |x 019000 |2 bisacsh | |
| 072 | 7 | |a SOC |x 000000 |2 bisacsh | |
| 082 | 0 | 4 | |a 307.76 |2 23 |
| 245 | 0 | 0 | |a Civility, Nonviolent Resistance, and the New Struggle for Social Justice / |c Edited by Amin Asfari. |
| 264 | 1 | |a Leiden; |a Boston : |b Brill | Rodopi, |c 2020. | |
| 300 | |a 1 online resource | ||
| 336 | |a text |b txt |2 rdacontent | ||
| 337 | |a unmediated |b n |2 rdamedia | ||
| 338 | |a online resource |2 rdacarrier | ||
| 490 | 1 | |a Value Inquiry Book Series ; |v 342 | |
| 490 | 1 | |a Religious Studies, Theology and Philosophy E-Books Online, Collection 2019, ISBN: 9789004390898 | |
| 520 | |a In Civility, Nonviolent Resistance, and the New Struggle for Social Justice , Amin Asfari brings together scholarly contributions addressing the causes of injustice in its many forms. Predicated on the idea that violence and injustice are systemic and historical, this collection includes chapters that examine the antecedents and effects of prejudice, state-sponsored violence, policies of exclusion, and the social forces that shape and solidify their existence. Moving beyond ad-hoc, ahistorical, and descriptive explanations of violence and injustice, this volume provides a scholarly, multidisciplinary approach to confronting them. Contributions reflect the many ways in which injustice manifests, and civil, nonviolent means of engagement are emphasized, challenging the very systems that give rise to these notions. | ||
| 546 | |a 8 German, 5 English contributions. | ||
| 588 | |a Description based on print version record. | ||
| 650 | 0 | |a Social justice. | |
| 700 | 1 | |a Asfari, Amin, |e editor. | |
| 776 | 0 | 8 | |i Print version: |t Civility, Nonviolent Resistance, and the New Struggle for Social Justice, |d Leiden Boston : Brill | Rodopi, 2020 |w 9789004417571 |
| 830 | 0 | |a Value Inquiry Book Series ; |v 342. | |
| 830 | 0 | |a Religious Studies, Theology and Philosophy E-Books Online, Collection 2019, ISBN: 9789004390898. | |
| 856 | 4 | |z DOI: |u http://dx.doi.org/10.1163/9789004417588 | |
| 942 | |c EBOOK | ||
| 952 | |0 0 |1 0 |4 0 |7 1 |9 15406 |a BRILL |b BRILL |d 2021-06-02 |l 0 |r 2021-06-02 00:00:00 |w 2021-06-02 |y EBOOK | ||
| 999 | |c 36853 |d 36853 | ||
